| 000 | 00341nam a2200133Ia 4500 | ||
|---|---|---|---|
| 008 | 250603s9999 xx 000 0 und d | ||
| 082 | _a005.54 APT | ||
| 100 | _aAptech Learning | ||
| 245 | 0 | _aFinancial Data Analysis with Excel 2016 | |
| 260 |
_aKarachi: _bAptech Ltd. _c2017 |
||
| 300 | _a407p. | ||
| 600 | _aComputer Science | ||
| 942 | _cGB | ||
| 999 |
_c31345 _d31345 |
||